00732nam a2200265Ia 4500008004100000020001500041050001000056050001400066100001600080245002700096245004400123245001900167260001800186260002500204260000900229300001600238300002000254300001000274650002800284650005600312650003300368650003500401700001100436999001900447170711s9999 xx 000 0 und d a971086792X a371.2 bB725 2007 aBoquer, Gus aLessons I've learned : breflections for school administrators / cby Gus Boquer. aPhilippines : bNational Book Store, c2007 a222 pages : billustrations ; c21cm. aCollege administration. aCollege administrators -- Philippines -- Anecdotes. aUniversities and colleges -- xPhilippines -- Administration. aTitle. c339916d339916